[Event "DEN-chT XtraCon 2018-19"]
[Site "Denmark"]
[Date "2019.01.13"]
[Round "6"]
[White "Nielsen, Lars Aaes"]
[Black "Hansen, Mads"]
[Result "0-1"]
[WhiteElo "2259"]
[BlackElo "2403"]
[Annotator "NA"]
[PlyCount "96"]
[EventDate "2018.10.27"]
[EventType "team-tourn"]
[EventCountry "DEN"]
[SourceTitle "playchess.com"]
[Source "ChessBase"]
[SourceQuality "1"]
[TimeControl "40/5400+30:1800+30"]

1. e4 {[%emt 0:00:00]} c5 {[%emt 0:00:00]} 2. c3 {[%emt 0:00:00]} Nf6 {[%emt 0:00:00]} 3. e5 {[%emt 0:00:00]} Nd5 {[%emt 0:00:00]} 4. d4 {[%emt 0:00:05]} cxd4 {[%emt 0:00:00]} 5. cxd4 {[%emt 0:00:04]} d6 {[%emt 0:00:54]} 6. Nf3 {[%emt 0:00:12]} Nc6 {[%emt 0:00:15]} 7. Bc4 {[%emt 0:00:27]} dxe5 {[%emt 0:00:06]} 8. dxe5 {[%emt 0:00:11]} Ndb4 {[%emt 0:00:37]} 9. Qxd8+ {[%emt 0:16:13]} Nxd8 {[%emt 0:01:52]} 10. Na3 {[%emt 0:00:10]} a6 {[%emt 0:07:36]} 11. Bd2 {[%emt 0:06:14]} e6 {[%emt 0:02:22]} 12. O-O {[%emt 0:08:59]} Ndc6 {[%emt 0:00:19]} 13. Rfd1 {[%emt 0:06:43]} Be7 {[%emt 0:03:05]} 14. Bc3 {[%emt 0:07:10]} b5 {[%emt 0:10:27]} 15. Bb3 {[%emt 0:11:21]} Na5 {[%emt 0:11:46]} 16. Bc2 {[%emt 0:12:41]} Bb7 {[%emt 0:06:34]} 17. Nd2 {[%emt 0:07:54]} Nxc2 {[%emt 0:03:02]} 18. Nxc2 {[%emt 0:00:07]} Nc6 {[%emt 0:00:06]} 19. a3 {[%emt 0:02:50]} Rc8 {[%emt 0:08:34]} 20. Rac1 {[%emt 0:01:16]} O-O {[%emt 0:01:35]} 21. Nb3 {[%emt 0:02:49]} Rfd8 {[%emt 0:03:24]} 22. Rxd8+ {[%emt 0:00:07]} Rxd8 {[%emt 0:08:06]} 23. Nb4 {[%emt 0:01:29]} Bg5 {[%emt 0:16:42]} 24. Re1 {[%emt 0:02:49]} Nb8 {[%emt 0:02:54]} 25. f3 {[%emt 0:01:59]} Kf8 {[%emt 0:00:30]} 26. Kf2 {[%emt 0:01:50]} Ke8 {[%emt 0:00:16]} 27. Ke2 {[%emt 0:02:47]} Rc8 {[%emt 0:03:59]} 28. g3 {[%emt 0:01:07]} Bd8 {[%emt 0:00:19]} 29. Nd3 {[%emt 0:00:44]} Bd5 {[%emt 0:00:18]} 30. Nd2 {[%emt 0:01:39]} a5 {[%emt 0:00:52]} 31. Ne4 {[%emt 0:01:32]} Bxe4 {[%emt 0:01:00]} 32. fxe4 {[%emt 0:00:02]} Bb6 {[%emt 0:02:40]} 33. Rd1 {[%emt 0:01:37]} Rc4 {[%emt 0:00:50]} 34. Kf3 {[%emt 0:00:43]} Nc6 {[%emt 0:00:09]} 35. h4 {[%emt 0:01:00]} b4 {[%emt 0:03:00]} 36. axb4 {[%emt 0:00:09]} axb4 {[%emt 0:00:00]} 37. Be1 {[%emt 0:00:22]} Rd4 {[%emt 0:01:12]} 38. Bf2 {[%emt 0:01:39]} Rxd3+ {[%emt 0:00:14]} 39. Rxd3 {[%emt 0:00:01]} Nxe5+ {[%emt 0:00:07]} 40. Ke2 {[%emt 0:00:08]} Nxd3 {[%emt 0:00:05]} 41. Bxb6 {[%emt 0:30:16]} Nxb2 {[%emt 0:32:36]} 42. Bd4 {[%emt 0:00:24]} Na4 {[%emt 0:00:00]} 43. Bxg7 {[%emt 0:00:00]} b3 {[%emt 0:00:00]} 44. Kd3 {[%emt 0:00:00]} Kd7 {[%emt 0:00:00]} 45. g4 {[%emt 0:00:00]} Kc6 {[%emt 0:00:00]} 46. h5 {[%emt 0:00:00]} Kb5 {[%emt 0:00:00]} 47. Ke3 {[%emt 0:00:00]} Kc4 {[%emt 0:00:00]} 48. Ba1 {[%emt 0:00:00]} e5 {[%emt 0:00:00] Kd4+} 0-1

[Event "DEN-chT XtraCon 2018-19"]
[Site "Denmark"]
[Date "2019.01.13"]
[Round "6"]
[White "Lindfeldt, Jan Magnus"]
[Black "Thogersen, Rasmus"]
[Result "1-0"]
[WhiteElo "2255"]
[BlackElo "2304"]
[Annotator "NA"]
[PlyCount "47"]
[EventDate "2018.10.27"]
[EventType "team-tourn"]
[EventCountry "DEN"]
[SourceTitle "playchess.com"]
[Source "ChessBase"]
[SourceQuality "1"]
[TimeControl "40/5400+30:1800+30"]

1. e4 {[%emt 0:00:00]} c5 {[%emt 0:01:00]} 2. Nf3 {[%emt 0:00:00]} d6 {[%emt 0:00:06]} 3. h3 {[%emt 0:00:00]} g6 {[%emt 0:01:13]} 4. c3 {[%emt 0:01:01]} Nf6 {[%emt 0:00:19]} 5. Bd3 {[%emt 0:02:14]} Bg7 {[%emt 0:00:37]} 6. O-O {[%emt 0:00:06]} O-O {[%emt 0:01:17]} 7. Bc2 {[%emt 0:06:05]} e5 {[%emt 0:00:15]} 8. d4 {[%emt 0:01:18]} exd4 {[%emt 0:00:56]} 9. cxd4 {[%emt 0:00:09]} cxd4 {[%emt 0:00:16]} 10. Nxd4 {[%emt 0:00:41]} Re8 {[%emt 0:04:55]} 11. Nc3 {[%emt 0:13:54]} d5 {[%emt 0:01:48]} 12. Bg5 {[%emt 0:19:51]} dxe4 {[%emt 0:08:09]} 13. Nxe4 {[%emt 0:02:19]} Qb6 {[%emt 0:04:04]} 14. Nxf6+ {[%emt 0:08:08]} Bxf6 {[%emt 0:00:19]} 15. Bxf6 {[%emt 0:01:16]} Qxf6 {[%emt 0:00:08]} 16. Bb3 {[%emt 0:01:41]} Na6 {[%emt 0:08:03]} 17. Rc1 {[%emt 0:07:06]} Re4 {[%emt 0:09:47]} 18. Qf3 {[%emt 0:04:48]} Rf4 {[%emt 0:04:46]} 19. Qe3 {[%emt 0:07:48]} Bd7 {[%emt 0:02:42]} 20. Ne2 {[%emt 0:02:31]} Rh4 {[%emt 0:03:51]} 21. Rfd1 {[%emt 0:05:12]} Bc6 {[%emt 0:03:43]} 22. Nd4 {[%emt 0:02:17]} Re8 {[%emt 0:04:54]} 23. Rxc6 {[%emt 0:01:20]} Qxc6 {[%emt 0:05:34]} 24. Bxf7+ {[%emt 0:00:43]} 1-0

[Event "DEN-chT XtraCon 2018-19"]
[Site "Denmark"]
[Date "2019.01.13"]
[Round "6"]
[White "Sobjerg, Erik"]
[Black "Erlandsen, Carsten"]
[Result "1-0"]
[WhiteElo "2252"]
[BlackElo "2068"]
[Annotator "NA"]
[PlyCount "85"]
[EventDate "2018.10.27"]
[EventType "team-tourn"]
[EventCountry "DEN"]
[SourceTitle "playchess.com"]
[Source "ChessBase"]
[SourceQuality "1"]
[TimeControl "40/5400+30:1800+30"]

1. e4 {[%emt 0:00:00]} c5 {[%emt 0:01:57]} 2. Nf3 {[%emt 0:00:19]} d6 {[%emt 0:00:05]} 3. d4 {[%emt 0:00:09]} cxd4 {[%emt 0:00:03]} 4. Nxd4 {[%emt 0:00:05]} Nf6 {[%emt 0:00:06]} 5. Nc3 {[%emt 0:00:02]} a6 {[%emt 0:00:07]} 6. Bc4 {[%emt 0:00:41]} e6 {[%emt 0:00:59]} 7. O-O {[%emt 0:00:57]} Nbd7 {[%emt 0:00:23]} 8. Bxe6 {[%emt 0:03:23]} fxe6 {[%emt 0:00:03]} 9. Nxe6 {[%emt 0:00:12]} Qa5 {[%emt 0:03:34]} 10. b4 {[%emt 0:02:58]} Qe5 {[%emt 0:19:51]} 11. Nc7+ {[%emt 0:27:11]} Kd8 {[%emt 0:01:58]} 12. Bb2 {[%emt 0:13:24]} Kxc7 {[%emt 0:10:40]} 13. Nd5+ {[%emt 0:00:21]} Nxd5 {[%emt 0:00:12]} 14. Bxe5 {[%emt 0:00:08]} dxe5 {[%emt 0:01:51]} 15. exd5 {[%emt 0:11:49]} Bxb4 {[%emt 0:04:03]} 16. Qg4 {[%emt 0:00:15]} Bc5 {[%emt 0:16:46]} 17. Qxg7 {[%emt 0:04:06]} Rf8 {[%emt 0:00:08]} 18. d6+ Bxd6 {[%emt 0:01:58]} 19. Rad1 {[%emt 0:06:27]} Bc5 {[%emt 0:01:09]} 20. Rd5 {[%emt 0:03:59]} b6 {[%emt 0:00:38]} 21. Rfd1 {[%emt 0:01:38]} Rd8 {[%emt 0:15:32]} 22. Qxh7 {[%emt 0:01:58]} Ra7 {[%emt 0:01:35]} 23. Rxe5 {[%emt 0:04:39]} Bb7 {[%emt 0:01:04]} 24. Rf5 {[%emt 0:01:34]} Bc6 {[%emt 0:01:17]} 25. Rf7 {[%emt 0:01:19]} Kc8 {[%emt 0:00:56]} 26. h4 {[%emt 0:01:16]} Rb7 {[%emt 0:05:05]} 27. h5 {[%emt 0:00:56]} Nf8 {[%emt 0:04:35]} 28. Rxd8+ {[%emt 0:01:07]} Kxd8 {[%emt 0:00:02]} 29. Rxb7 {[%emt 0:02:45]} Nxh7 {[%emt 0:00:24]} 30. Rxh7 {[%emt 0:00:03]} Be4 {[%emt 0:01:02]} 31. Ra7 {[%emt 0:00:18]} Ke8 {[%emt 0:02:49]} 32. h6 {[%emt 0:00:28]} Kf8 {[%emt 0:00:46]} 33. h7 {[%emt 0:07:31]} Bd4 {[%emt 0:00:26]} 34. Rd7 {[%emt 0:00:26]} Bh8 {[%emt 0:01:39]} 35. c3 {[%emt 0:00:16]} Bg6 {[%emt 0:02:29]} 36. Rc7 {[%emt 0:01:40]} Bg7 {[%emt 0:00:32]} 37. Rc8+ {[%emt 0:00:42]} Be8 {[%emt 0:00:08]} 38. f4 {[%emt 0:00:30]} b5 {[%emt 0:01:01]} 39. g4 {[%emt 0:00:14]} a5 {[%emt 0:00:26]} 40. f5 {[%emt 0:01:57]} Ke7 {[%emt 0:01:06]} 41. g5 {[%emt 0:31:39]} Kd7 {[%emt 0:02:40]} 42. f6 {[%emt 0:00:00]} Bh8 {[%emt 0:00:15]} 43. f7 {[%emt 0:00:00]} 1-0

[Event "DEN-chT XtraCon 2018-19"]
[Site "Denmark"]
[Date "2019.01.13"]
[Round "6"]
[White "Vasli, Aref"]
[Black "Haubro, Sigfred"]
[Result "1-0"]
[WhiteElo "2251"]
[BlackElo "2158"]
[Annotator "NA"]
[PlyCount "93"]
[EventDate "2018.10.27"]
[EventType "team-tourn"]
[EventCountry "DEN"]
[SourceTitle "playchess.com"]
[Source "ChessBase"]
[SourceQuality "1"]
[TimeControl "40/5400+30:1800+30"]

1. e4 {[%emt 0:00:00]} d5 {[%emt 0:02:03]} 2. exd5 {[%emt 0:00:00]} Qxd5 {[%emt 0:00:34]} 3. Nc3 {[%emt 0:00:00]} Qa5 {[%emt 0:00:28]} 4. Nf3 {[%emt 0:00:37]} Nf6 {[%emt 0:00:16]} 5. Be2 {[%emt 0:01:37]} c6 {[%emt 0:06:50]} 6. O-O {[%emt 0:00:39]} g6 {[%emt 0:00:38]} 7. Re1 {[%emt 0:02:27]} Bg7 {[%emt 0:05:42]} 8. Bc4 {[%emt 0:11:31]} e6 {[%emt 0:07:58]} 9. d4 {[%emt 0:01:37]} O-O {[%emt 0:00:31]} 10. Bd2 {[%emt 0:04:08]} Qc7 {[%emt 0:02:04]} 11. Qc1 {[%emt 0:00:12]} Nbd7 {[%emt 0:02:49]} 12. Bf4 {[%emt 0:02:17]} Qd8 {[%emt 0:00:28]} 13. Bb3 {[%emt 0:03:39]} b5 {[%emt 0:06:28]} 14. Bd6 {[%emt 0:27:11]} Re8 {[%emt 0:01:51]} 15. a4 {[%emt 0:00:25]} Nb6 {[%emt 0:06:33]} 16. Bc5 {[%emt 0:00:21]} Bd7 {[%emt 0:13:28]} 17. a5 {[%emt 0:02:54]} Nbd5 {[%emt 0:02:07]} 18. Ne5 {[%emt 0:00:49]} Qc7 {[%emt 0:07:40]} 19. Nxd5 Nxd5 20. Re4 {[%emt 0:03:54]} Rad8 {[%emt 0:05:14]} 21. c3 {[%emt 0:00:50]} f6 {[%emt 0:01:02]} 22. Nxd7 {[%emt 0:01:56]} Qxd7 {[%emt 0:00:59]} 23. Qd2 {[%emt 0:05:06]} f5 {[%emt 0:04:07]} 24. Re2 {[%emt 0:00:48]} e5 {[%emt 0:00:46]} 25. dxe5 {[%emt 0:00:56]} Rxe5 {[%emt 0:01:24]} 26. Rxe5 {[%emt 0:01:14]} Bxe5 {[%emt 0:00:06]} 27. Re1 {[%emt 0:00:34]} Qc7 {[%emt 0:00:39]} 28. Qe3 {[%emt 0:12:34]} Bxh2+ {[%emt 0:09:52]} 29. Kh1 {[%emt 0:00:17]} Bf4 {[%emt 0:00:37]} 30. Qe6+ {[%emt 0:00:43]} Kg7 {[%emt 0:01:19]} 31. Bd4+ {[%emt 0:01:22]} Kh6 {[%emt 0:00:10]} 32. g3 {[%emt 0:00:34]} Bxg3 {[%emt 0:01:36]} 33. fxg3 {[%emt 0:00:01]} Qxg3 {[%emt 0:00:15]} 34. Bxd5 {[%emt 0:00:22]} Qh4+ {[%emt 0:03:40]} 35. Kg2 {[%emt 0:05:37]} Qg4+ {[%emt 0:00:21]} 36. Kf1 {[%emt 0:02:08]} Rxd5 {[%emt 0:02:07]} 37. Re2 {[%emt 0:03:15]} Qh3+ {[%emt 0:01:22]} 38. Kg1 {[%emt 0:03:34]} Qg4+ {[%emt 0:00:56]} 39. Rg2 {[%emt 0:00:25]} Qd1+ {[%emt 0:00:25]} 40. Kf2 {[%emt 0:00:23]} Qd2+ {[%emt 0:02:18]} 41. Kf3 {[%emt 0:31:28]} Qd1+ {[%emt 0:31:08]} 42. Qe2 {[%emt 0:00:54]} Qh1 {[%emt 0:00:00]} 43. Qe3+ {[%emt 0:00:00]} f4 {[%emt 0:00:00]} 44. Qxf4+ {[%emt 0:00:00]} g5 {[%emt 0:00:00]} 45. Qf6+ {[%emt 0:00:00]} Kh5 {[%emt 0:00:00]} 46. Qf7+ {[%emt 0:00:00]} Kh6 {[%emt 0:00:00]} 47. Qg7+ {[%emt 0:00:00]} 1-0

[Event "DEN-chT XtraCon 2018-19"]
[Site "Denmark"]
[Date "2019.01.13"]
[Round "6"]
[White "Kristensen, Bjarke Hautop"]
[Black "Rozentalis, Eduardas"]
[Result "0-1"]
[WhiteElo "2212"]
[BlackElo "2526"]
[Annotator "TA"]
[PlyCount "90"]
[EventDate "2018.10.27"]
[EventType "team-tourn"]
[EventCountry "DEN"]
[SourceTitle "playchess.com"]
[Source "ChessBase"]
[SourceQuality "1"]

{[%evp 16,90,22,18,16,12,18,6,20,-7,13,15,35,-18,-17,-22,-16,-14,44,56,42,43,65,25,68,0,-6,-5,-6,-18,-12,-7,-8,-6,0,0,10,-9,-5,-41,0,-14,0,-20,0,-33,-28,-45,-56,-56,-56,-397,-386,-394,-387,-393,-380,-386,-385,-358,-347,-337,-339,-443,-443,-401,-368,-604,-590,-630,-619,-577,-569,-724,-721,-700,-696]} 1. Nf3 Nf6 2. c4 e6 3. Nc3 Bb4 4. Qc2 O-O 5. a3 Bxc3 6. Qxc3 d6 7. e3 {A17: English Opening: 1...Nf6 with ...Bb4} e5 8. d4 e4 9. Nd2 {LiveBook: 3 Games. The position is equal.} Re8 10. b4 d5 11. Bb2 Nbd7 12. Qc2 $146 ({Predecessor:} 12. a4 dxc4 13. Nxc4 Nd5 14. Qd2 Qg5 {½-½ (22) Bukavshin,I (2657)-Zhigalko,S (2656) Baku 2015}) 12... Nf8 13. cxd5 Nxd5 14. g3 (14. Nxe4 Bf5 $17) ({White should play} 14. Bc4 $14) 14... Bf5 $11 15. Bg2 Qd7 16. O-O (16. Bxe4 $2 Bxe4 17. Nxe4 Qf5 $19) 16... Bh3 (16... Qe6 $11) 17. Bxe4 $14 ({Don't blunder} 17. Nxe4 $2 Bxg2 18. Kxg2 Qf5 $19) 17... Bxf1 18. Rxf1 a5 19. Qb3 c6 20. Bg2 (20. b5 $14) 20... axb4 $11 21. axb4 b5 22. e4 Nb6 23. d5 cxd5 24. exd5 Rad8 {[%cal Rb6d5]} 25. Ne4 Nc4 26. Ba1 Qf5 27. Qd3 {[#] Black must now prevent Nf6+!} Kh8 28. Rd1 f6 29. f4 Ra8 30. Bc3 Ra3 31. Qd4 Ra2 $36 {[%mdl 2048] Black has good play.} 32. Bf3 $1 Nd7 33. Rd3 $2 {[%mdl 8192] [#]} ({Better is} 33. Re1 $15) 33... Nde5 $1 $19 {[%mdl 512]} 34. fxe5 Nxe5 35. Qe3 {Threatens to win with Bxe5.} Nxf3+ ({Inferior is} 35... Nxd3 36. Qxd3 Rc8 37. Bg2 $11) 36. Qxf3 Qxf3 ({Not} 36... Qxe4 37. Qxe4 Rxe4 38. d6 $17) 37. Rxf3 {And now Nc5 would win.} Rxe4 {[%mdl 4096] Endgame KRR-KRB} 38. d6 Kg8 39. Rd3 {aiming for d7.} Re8 40. Rd5 Rd8 41. Bd4 $2 (41. Be1) 41... Rd2 {Black is clearly winning.} 42. Kf1 Kf7 43. Ke1 Ke6 44. Kxd2 Kxd5 45. Bc5 Rxd6 {Accuracy: White = 30%, Black = 69%.} 0-1

[Event "DEN-chT XtraCon 2018-19"]
[Site "Denmark"]
[Date "2019.01.13"]
[Round "6"]
[White "Ostergaard, Jens"]
[Black "Vinter-Schou, Uffe"]
[Result "0-1"]
[WhiteElo "2203"]
[BlackElo "2341"]
[Annotator "NA"]
[PlyCount "106"]
[EventDate "2018.10.27"]
[EventType "team-tourn"]
[EventCountry "DEN"]
[SourceTitle "playchess.com"]
[Source "ChessBase"]
[SourceQuality "1"]
[TimeControl "40/5400+30:1800+30"]

1. d4 {[%emt 0:00:00]} Nf6 {[%emt 0:00:00]} 2. Nf3 {[%emt 0:00:00]} e6 {[%emt 0:00:12]} 3. c4 {[%emt 0:00:00]} c5 {[%emt 0:00:13]} 4. d5 {[%emt 0:00:02]} d6 {[%emt 0:00:15]} 5. Nc3 {[%emt 0:00:23]} exd5 {[%emt 0:00:06]} 6. cxd5 {[%emt 0:00:08]} g6 {[%emt 0:00:09]} 7. h3 {[%emt 0:01:15]} a6 {[%emt 0:00:32]} 8. a4 {[%emt 0:00:11]} Qe7 {[%emt 0:00:10]} 9. Bg5 {[%emt 0:01:18]} Bg7 {[%emt 0:00:21]} 10. e3 {[%emt 0:01:34]} h6 {[%emt 0:01:52]} 11. Bh4 {[%emt 0:01:37]} Nbd7 {[%emt 0:02:35]} 12. Be2 {[%emt 0:07:00]} O-O {[%emt 0:00:56]} 13. O-O {[%emt 0:00:53]} Rb8 {[%emt 0:00:32]} 14. Nd2 {[%emt 0:02:49]} g5 {[%emt 0:06:43]} 15. Bg3 {[%emt 0:00:06]} Ne5 {[%emt 0:00:09]} 16. Re1 {[%emt 0:13:18]} Ne8 {[%emt 0:07:57]} 17. Bf1 {[%emt 0:14:52]} Bd7 {[%emt 0:08:55]} 18. a5 {[%emt 0:04:48]} Nc7 {[%emt 0:00:36]} 19. f4 {[%emt 0:13:54]} Ng6 {[%emt 0:00:14]} 20. Kh2 {[%emt 0:01:25]} Nb5 {[%emt 0:16:59]} 21. Qc2 {[%emt 0:15:04]} f5 {[%emt 0:11:29]} 22. Nc4 {[%emt 0:01:34]} Rbd8 {[%emt 0:04:43]} 23. Nb6 {[%emt 0:04:51]} Be8 {[%emt 0:04:08]} 24. Qb3 {[%emt 0:02:15]} Nxc3 {[%emt 0:05:24]} 25. bxc3 {[%emt 0:00:05]} h5 {[%emt 0:03:55]} 26. Bf2 {[%emt 0:08:15]} Qf6 {[%emt 0:00:52]} 27. Rac1 {[%emt 0:01:22]} h4 {[%emt 0:03:11]} 28. Nc4 {[%emt 0:02:10]} Bb5 {[%emt 0:01:21]} 29. Nd2 {[%emt 0:00:52]} Bxf1 {[%emt 0:00:56]} 30. Rxf1 {[%emt 0:00:12]} gxf4 {[%emt 0:00:45]} 31. exf4 {[%emt 0:00:05]} Nxf4 {[%emt 0:00:36]} 32. Qc4 {[%emt 0:01:39]} Qg5 {[%emt 0:03:47]} 33. Rg1 {[%emt 0:00:56]} Be5 {[%emt 0:01:27]} 34. Kh1 {[%emt 0:00:42]} Nh5 {[%emt 0:05:27]} 35. Nf3 {[%emt 0:00:26]} Qf4 {[%emt 0:01:26]} 36. Nxe5 {[%emt 0:00:41]} Qxf2 {[%emt 0:00:13]} 37. Ng6 {[%emt 0:00:34]} Ng3+ {[%emt 0:00:14]} 38. Kh2 {[%emt 0:00:06]} Ne4 {[%emt 0:00:09]} 39. Ne7+ {[%emt 0:01:01]} Kh7 {[%emt 0:01:07]} 40. Rgf1 {[%emt 0:00:45]} Qg3+ {[%emt 0:00:35]} 41. Kg1 {[%emt 0:30:08]} Qe5 {[%emt 0:31:36]} 42. Nxf5 {[%emt 0:00:50]} Rxf5 {[%emt 0:00:06]} 43. Rxf5 {[%emt 0:00:09]} Qxf5 {[%emt 0:00:02]} 44. Rf1 {[%emt 0:00:15]} Qe5 {[%emt 0:01:59]} 45. Rf7+ {[%emt 0:00:00]} Kg8 {[%emt 0:00:00]} 46. Rxb7 {[%emt 0:00:00]} Rf8 {[%emt 0:00:00]} 47. Qd3 {[%emt 0:00:00]} Qf4 {[%emt 0:00:00]} 48. Qe2 {[%emt 0:00:00]} Ng3 {[%emt 0:00:00]} 49. Qe6+ {[%emt 0:00:00]} Kh8 {[%emt 0:00:00]} 50. Rb1 {[%emt 0:00:00]} Qf1+ {[%emt 0:00:00]} 51. Kh2 {[%emt 0:00:00]} Qxb1 {[%emt 0:00:00]} 52. Qh6+ {[%emt 0:00:00]} Kg8 {[%emt 0:00:00]} 53. Qg5+ {[%emt 0:00:00]} Kf7 {[%emt 0:00:00]} 0-1

[Event "DEN-chT XtraCon 2018-19"]
[Site "Denmark"]
[Date "2019.01.13"]
[Round "6"]
[White "Hansen, Lars"]
[Black "Grubert, Christian"]
[Result "1/2-1/2"]
[WhiteElo "2198"]
[BlackElo "2165"]
[Annotator "NA"]
[PlyCount "52"]
[EventDate "2018.10.27"]
[EventType "team-tourn"]
[EventCountry "DEN"]
[SourceTitle "playchess.com"]
[Source "ChessBase"]
[SourceQuality "1"]
[TimeControl "40/5400+30:1800+30"]

1. d4 g6 2. e4 Bg7 3. Nc3 d6 4. Be3 Nf6 5. Qd2 O-O 6. f3 Nbd7 7. Bh6 e5 8. dxe5 Nxe4 9. Nxe4 Qh4+ 10. g3 Qxh6 11. Qxh6 Bxh6 12. exd6 f5 13. Bc4+ Kh8 14. Nc3 cxd6 15. f4 Nb6 16. Bb3 Bd7 17. O-O-O Bc6 18. Nd5 Rae8 19. Nf3 Bg7 20. Rhf1 Bb5 21. Rfe1 Be2 22. Ng5 h6 23. Rd2 Bg4 24. Nf7+ Kh7 25. Rxe8 Rxe8 26. c3 Re1+ 1/2-1/2

[Event "DEN-chT XtraCon 2018-19"]
[Site "Denmark"]
[Date "2019.01.13"]
[Round "6"]
[White "Vesterli, Michael E."]
[Black "Laursen, Niels Norskov"]
[Result "1-0"]
[WhiteElo "2167"]
[BlackElo "2276"]
[Annotator "NA"]
[PlyCount "75"]
[EventDate "2018.10.27"]
[EventType "team-tourn"]
[EventCountry "DEN"]
[SourceTitle "playchess.com"]
[Source "ChessBase"]
[SourceQuality "1"]
[TimeControl "40/5400+30:1800+30"]

1. d4 {[%emt 0:00:00]} d6 {[%emt 0:00:00]} 2. c4 {[%emt 0:00:00]} g6 {[%emt 0:00:12]} 3. Nc3 {[%emt 0:00:00]} Bg7 {[%emt 0:00:08]} 4. e4 {[%emt 0:00:00]} Nf6 {[%emt 0:00:09]} 5. Nf3 {[%emt 0:00:48]} O-O {[%emt 0:00:05]} 6. Be2 {[%emt 0:00:04]} e5 {[%emt 0:00:11]} 7. O-O {[%emt 0:00:08]} Na6 {[%emt 0:00:05]} 8. Re1 {[%emt 0:01:54]} c6 {[%emt 0:00:25]} 9. Rb1 {[%emt 0:05:24]} exd4 {[%emt 0:04:34]} 10. Nxd4 {[%emt 0:00:09]} Re8 {[%emt 0:00:47]} 11. Bf1 {[%emt 0:03:48]} Qb6 {[%emt 0:08:12]} 12. Na4 {[%emt 0:18:11]} Qc7 {[%emt 0:09:54]} 13. f3 {[%emt 0:01:24]} d5 {[%emt 0:07:19]} 14. cxd5 {[%emt 0:01:32]} cxd5 {[%emt 0:01:19]} 15. Nb5 {[%emt 0:01:37]} Qb8 {[%emt 0:01:33]} 16. g3 {[%emt 0:12:32]} Bd7 {[%emt 0:07:41]} 17. Bf4 {[%emt 0:00:17]} Qd8 {[%emt 0:00:36]} 18. Nd6 {[%emt 0:18:19]} Bxa4 {[%emt 0:01:50]} 19. Qxa4 {[%emt 0:00:06]} Re6 {[%emt 0:02:37]} 20. e5 {[%emt 0:02:18]} Nh5 {[%emt 0:02:10]} 21. Be3 {[%emt 0:01:40]} Rxe5 {[%emt 0:05:02]} 22. Nxb7 {[%emt 0:01:30]} Qe7 {[%emt 0:01:10]} 23. Bf2 {[%emt 0:03:45]} Nc7 {[%emt 0:02:36]} 24. Na5 {[%emt 0:01:39]} Ne6 {[%emt 0:04:48]} 25. Nc6 {[%emt 0:03:16]} Qd7 {[%emt 0:03:09]} 26. Rxe5 {[%emt 0:00:07]} Bxe5 {[%emt 0:00:05]} 27. Bb5 {[%emt 0:00:05]} Bd6 {[%emt 0:03:02]} 28. Nb4 {[%emt 0:02:29]} Qe7 {[%emt 0:05:31]} 29. Nxd5 {[%emt 0:00:16]} Qg5 {[%emt 0:00:19]} 30. Qe4 {[%emt 0:01:54]} Rb8 {[%emt 0:07:55]} 31. Bc4 {[%emt 0:02:45]} Nxg3 {[%emt 0:06:17]} 32. hxg3 {[%emt 0:00:53]} Bxg3 {[%emt 0:00:08]} 33. Ne3 {[%emt 0:04:52]} Nf4 {[%emt 0:01:13]} 34. Ng4 {[%emt 0:03:11]} Bxf2+ {[%emt 0:10:56]} 35. Kxf2 {[%emt 0:00:06]} Rd8 {[%emt 0:00:16]} 36. Rd1 {[%emt 0:03:26]} Qc5+ {[%emt 0:03:29]} 37. Qe3 {[%emt 0:01:12]} Nh3+ {[%emt 0:02:07]} 38. Kg2 {[%emt 0:00:11]} 1-0

[Event "DEN-chT XtraCon 2018-19"]
[Site "Denmark"]
[Date "2019.01.13"]
[Round "6"]
[White "Brorsen, Jacob Abildlund"]
[Black "Skousen, Nikolai"]
[Result "1/2-1/2"]
[WhiteElo "2132"]
[BlackElo "2227"]
[Annotator "NA"]
[PlyCount "93"]
[EventDate "2018.10.27"]
[EventType "team-tourn"]
[EventCountry "DEN"]
[SourceTitle "playchess.com"]
[Source "ChessBase"]
[SourceQuality "1"]
[TimeControl "40/5400+30:1800+30"]

1. e4 {[%emt 0:00:00]} c5 {[%emt 0:00:00]} 2. Nf3 {[%emt 0:00:00]} Nc6 {[%emt 0:01:04]} 3. d4 {[%emt 0:01:20]} cxd4 {[%emt 0:00:10]} 4. Nxd4 {[%emt 0:00:05]} g6 {[%emt 0:00:06]} 5. c4 {[%emt 0:04:48]} Nf6 {[%emt 0:01:02]} 6. Nc3 {[%emt 0:00:43]} d6 {[%emt 0:00:08]} 7. Be2 {[%emt 0:02:04]} Nxd4 {[%emt 0:00:24]} 8. Qxd4 {[%emt 0:00:12]} Bg7 {[%emt 0:00:04]} 9. O-O {[%emt 0:03:09]} O-O {[%emt 0:01:04]} 10. Bg5 {[%emt 0:06:12]} h6 {[%emt 0:22:22]} 11. Bd2 {[%emt 0:04:38]} Ng4 {[%emt 0:28:28]} 12. Qd3 {[%emt 0:04:07]} Ne5 {[%emt 0:09:27]} 13. Qg3 {[%emt 0:01:58]} g5 {[%emt 0:03:11]} 14. Kh1 {[%emt 0:04:53]} Ng6 {[%emt 0:00:24]} 15. Rad1 {[%emt 0:03:19]} Qb6 {[%emt 0:08:46]} 16. b3 {[%emt 0:11:22]} Be6 {[%emt 0:01:52]} 17. Nb5 {[%emt 0:17:54]} a6 {[%emt 0:01:48]} 18. Nc3 {[%emt 0:03:24]} Qd4 {[%emt 0:02:57]} 19. Qd3 {[%emt 0:07:51]} Rfc8 {[%emt 0:04:31]} 20. Rc1 {[%emt 0:03:32]} Qxd3 {[%emt 0:03:35]} 21. Bxd3 {[%emt 0:00:02]} Rc6 22. Nd5 {[%emt 0:00:48]} Rac8 {[%emt 0:02:02]} 23. Be3 {[%emt 0:02:13]} Kf8 {[%emt 0:01:41]} 24. Kg1 {[%emt 0:03:23]} Ne5 {[%emt 0:01:42]} 25. Be2 {[%emt 0:01:35]} Ng4 {[%emt 0:01:33]} 26. Bxg4 {[%emt 0:02:02]} Bxg4 {[%emt 0:00:01]} 27. f4 {[%emt 0:01:34]} gxf4 {[%emt 0:03:22]} 28. Rxf4 {[%emt 0:00:24]} Be6 {[%emt 0:00:10]} 29. Rcf1 {[%emt 0:01:43]} b5 {[%emt 0:01:11]} 30. Nb4 {[%emt 0:02:36]} bxc4 {[%emt 0:00:28]} 31. Nxc6 {[%emt 0:00:09]} Rxc6 {[%emt 0:00:08]} 32. bxc4 {[%emt 0:00:23]} Rxc4 {[%emt 0:00:11]} 33. Rb1 {[%emt 0:01:22]} Kg8 {[%emt 0:00:55]} 34. Rb8+ {[%emt 0:03:26]} Kh7 {[%emt 0:00:02]} 35. Ra8 {[%emt 0:01:28]} Ra4 {[%emt 0:00:30]} 36. e5 {[%emt 0:02:35]} Rxa2 {[%emt 0:01:05]} 37. exd6 {[%emt 0:00:34]} exd6 {[%emt 0:00:03]} 38. Rd8 {[%emt 0:00:36]} d5 {[%emt 0:01:18]} 39. g3 {[%emt 0:00:28]} Ra1+ {[%emt 0:00:43]} 40. Kf2 {[%emt 0:00:21]} Ra2+ {[%emt 0:00:05]} 41. Kg1 {[%emt 0:30:09]} Ra1+ {[%emt 0:31:13]} 42. Kg2 {[%emt 0:00:00]} Ra2+ {[%emt 0:00:00]} 43. Rf2 {[%emt 0:00:00]} Ra3 {[%emt 0:00:00]} 44. Bc5 {[%emt 0:00:00]} Ra5 {[%emt 0:00:00]} 45. Be3 {[%emt 0:00:00]} Ra3 {[%emt 0:00:00]} 46. Bc5 {[%emt 0:00:00]} Ra5 {[%emt 0:00:00]} 47. Be3 {[%emt 0:00:00]} 1/2-1/2